000 00611nam a2200193Ia 4500
003 GCL
008 140319s9999 xx 000 0 ara d
040 _aGCL /
_cGCL
082 0 4 _aع
_b547.1
_bا م
100 1 _aالسيد على حسن
245 1 0 _aمبادئ الكيمياء الطبيعية /
_cالسيد على حسن
700 1 _aاحمد مدحت اسلام
260 _aالقاهرة :
_bدار الفكر العربى
300 _a422 ص
650 0 4 _aالديناميكا الحرارية
650 0 4 _aالكيمياء الفيزيائية
650 0 4 _aالزرات
942 _2ddc
_cBK
999 _c30371
_d30371